Migračné trendy v procese európskej integrácie
Podmienkou ekonomickej spolupráce je aj teritoriálna mobilita pracovných síl. Doterajšie migračné pohyby v SR a očakávané migračné trendy do Európskej únie. Správa Európskej komisie k problematike slobodného pohybu osôb.
Enregistré dans:
| Auteur principal: | |
|---|---|
| Format: | Chapitre de livre |
| Langue: | slovaque |
| Sujets: | |
| Tags: |
Pas de tags, Soyez le premier à ajouter un tag!
|
MARC
| LEADER | 00000naa a2200000 4500 | ||
|---|---|---|---|
| 001 | r048060 | ||
| 005 | 20230913072506.8 | ||
| 041 | 0 | |a slo | |
| 044 | |a CZ | ||
| 245 | 1 | 0 | |a Migračné trendy v procese európskej integrácie |c Eva Rievajová |
| 520 | |a Podmienkou ekonomickej spolupráce je aj teritoriálna mobilita pracovných síl. Doterajšie migračné pohyby v SR a očakávané migračné trendy do Európskej únie. Správa Európskej komisie k problematike slobodného pohybu osôb. | ||
| 610 | 2 | 0 | |a migrácia |
| 610 | 2 | 0 | |a pohyb síl pracovných medzinárodný |
| 610 | 2 | 0 | |a integrácia ekonomická medzinárodná |
| 610 | 2 | 0 | |a trh práce |
| 610 | 2 | 0 | |a Slovensko |
| 610 | 2 | 0 | |a Európska únia |
| 610 | 2 | 0 | |a Česko |
| 610 | 2 | 0 | |a kategórie pracovníkov |
| 610 | 2 | 0 | |a SVE |
| 610 | 2 | 0 | |a mzdy nominálne |
| 610 | 2 | 0 | |a mzdy priemerné |
| 100 | 1 | |a Rievajová, Eva | |